Online Catalogue and eLibrary

The concepts of the goddess (Record no. 815)

MARC details
000 -LEADER
fixed length control field 00470nam a2200193Ia 4500
005 - DATE AND TIME OF LATEST TRANSACTION
control field 20240722012630.0
008 - FIXED-LENGTH DATA ELEMENTS--GENERAL INFORMATION
fixed length control field 240331s9999 xx 000 0 und d
020 ## - INTERNATIONAL STANDARD BOOK NUMBER
ISBN 0415197899
082 ## - DDC Classification
Class No. 211
Item Number - Author Mark CON
245 #4 - TITLE STATEMENT
Title The concepts of the goddess
260 ## - PUBLICATION, DISTRIBUTION, ETC.
Place of publication, distribution, etc. London
Name of publisher, distributor, etc. Routledge
Date of publication, distribution, etc. 1996
300 ## - PHYSICAL DESCRIPTION
Extent (e.g. Volumes, Pages etc.) xiv, 192 p .,
650 ## - SUBJECT ADDED ENTRY--TOPICAL TERM
Topical term or geographic name entry element Religion
650 ## - SUBJECT ADDED ENTRY--TOPICAL TERM
Topical term or geographic name entry element Mythology
650 ## - SUBJECT ADDED ENTRY--TOPICAL TERM
Topical term or geographic name entry element Archaeology
700 ## - ADDED ENTRY--PERSONAL NAME
Personal name Billington, S.
Relator term (Role) Editor
700 ## - ADDED ENTRY--PERSONAL NAME
Personal name Green, Miranda
Relator term (Role) Editor
942 ## - Koha item type (Biblio)
Koha item type Books in Stacks (Lending)
Holdings
Lost status Damaged status Collection code Home library Current library Shelving location Date acquired Full call number Accession Number Item type
    Lending WERC Library WERC Library Social Science Cupboard 03/31/2024 211 CON 2796 Books in Stacks (Lending)

© WERC Library